000
00293nam a2200109Ia 4500
008
171211s9999 xx 000 0 und d
245
_a
50 Robots to Draw and Paint
245
_c
Keith Thompson
260
_c
2006
650
_x
Drawing
856
_u
http://down.ebook777.com/008/9780715324066.pdf
999
_c
347999
_d
347999